Las economías regionales mejoran, aunque persisten importantes diferencias en términos de desarollo económico (Registro nro. 50114)
[ vista simple ]
| 000 -CABECERA | |
|---|---|
| Longitud fija campo de control | 00872naa a2200229 c 4500 |
| 001 - NÚMERO DE CONTROL | |
| Número de control | 50114 |
| 003 - IDENTIFICADOR DE NÚMERO DE CONTROL | |
| Identificador del número de control | ES-MaCES |
| 005 - FECHA Y HORA DE LA ÚLTIMA TRANSACCIÓN | |
| Fecha y hora de la última transacción | 20171020121858.0 |
| 008 - CAMPO FIJO DE DESCRIPCIÓN FIJA--INFORMACIÓN GENERAL | |
| Códigos de información de longitud fija | 171020s2017 sp ||||| t||||||| ||spa d |
| 040 ## - FUENTE DE CATALOGACIÓN | |
| Centro catalogador de origen | ES-MaCES |
| Lengua de catalogación | spa |
| Centro transcriptor | ES-MaCES |
| Centro modificado | ES-MaCES |
| 245 04 - MENCIÓN DE TÍTULO | |
| Título | Las economías regionales mejoran, aunque persisten importantes diferencias en términos de desarollo económico |
| 650 #4 - ASIENTO SECUNDARIO DE MATERIA--TÉRMINO DE MATERIA | |
| 9 (RLIN) | 27093 |
| Término de materia o nombre geográfico como elemento inicial | desarrollo económico |
| 650 #4 - ASIENTO SECUNDARIO DE MATERIA--TÉRMINO DE MATERIA | |
| 9 (RLIN) | 27094 |
| Término de materia o nombre geográfico como elemento inicial | crecimiento económico |
| 650 #4 - ASIENTO SECUNDARIO DE MATERIA--TÉRMINO DE MATERIA | |
| 9 (RLIN) | 29369 |
| Término de materia o nombre geográfico como elemento inicial | producto interior bruto |
| 650 #4 - ASIENTO SECUNDARIO DE MATERIA--TÉRMINO DE MATERIA | |
| 9 (RLIN) | 28259 |
| Término de materia o nombre geográfico como elemento inicial | productividad |
| 650 #4 - ASIENTO SECUNDARIO DE MATERIA--TÉRMINO DE MATERIA | |
| 9 (RLIN) | 29186 |
| Término de materia o nombre geográfico como elemento inicial | desarrollo regional |
| 650 #4 - ASIENTO SECUNDARIO DE MATERIA--TÉRMINO DE MATERIA | |
| 9 (RLIN) | 30768 |
| Término de materia o nombre geográfico como elemento inicial | Comunidades Autónomas |
| 653 10 - TÉRMINO DE INDEXACIÓN--NO CONTROLADO | |
| Término no controlado | Economía |
| 773 0# - ENTRADA DE DOCUMENTO FUENTE | |
| Itemnumber del ítem fuente | 86399 |
| Lugar, editor y fecha de publicación | Madrid (Huertas, 73, 28014) CES 2007- |
| Otro identificador del documento | 089296 |
| Título | Cauces |
| Número de control del registro relacionado | (ES-MaCES)26015 |
| Parte(s) relacionada(s) | n. 35 (2017) {55/1063 R. 089296} ;p. 9-17 |
| 902 ## - CES. TIPO DE DOCUMENTO | |
| Tipodoc (006$c Sirtex) | ART Artículo de revista |
| 942 ## - ELEMENTOS KOHA | |
| Fuente de clasificaión o esquema | Clasificación propia del CES |
| Koha [por defecto] tipo de item | Artículos (1982-2017) |
| Parte de clasificación | Economía |
No hay ítems disponibles.
